000 00571nam a2200181 a 4500
005 20140412111416.0
008 070725s19uu xx 00 eng d
020 _a0-439-38220-3
050 _aER
_bDi61 2003
100 _aMetzger, Steve
245 _aDinofours: We love mud! /
_cSteve Metzger.
260 _aNew York :
_bScholastic,
_c2003.
520 _aDanielle overcome her dislike of getting dirty and joins the other dinofours in playing in the mud.
650 _aMud-fiction
650 _aschools-fiction
650 _acleanliness- fiction
999 _c105860
_d105860